Santa María de los Inocentes y Desamparados, en su iconografía original y sus precedentes históricos / (Record no. 24657)

MARC details
000 -LEADER
campo de control de longitud fija 00712nam a2200193 i 4500
001 - NÚMERO DE CONTROL
campo de control 24657
003 - IDENTIFICADOR DE NÚMERO DE CONTROL
campo de control ES-MaACL
005 - FECHA Y HORA DE LA ÚLTIMA TRANSACCIÓN
campo de control 20260303141306.0
007 - CAMPO FIJO DE DESCRIPCIÓN FÍSICA--INFORMACIÓN GENERAL
campo de control de longitud fija t|
008 - DATOS DE LONGITUD FIJA--INFORMACIÓN GENERAL
campo de control de longitud fija 021218s1968 sp ||||1| spa d
100 1# - ENTRADA PRINCIPAL--NOMBRE DE PERSONA
Nombre de persona Aparicio Olmos, Emilio María.
9 (RLIN) 22073
245 10 - MENCIÓN DEL TÍTULO
Título Santa María de los Inocentes y Desamparados, en su iconografía original y sus precedentes históricos /
Mención de responsabilidad, etc. Emilio María Aparicio Olmos.
260 ## - PUBLICACIÓN, DISTRIBUCIÓN, ETC.
Lugar de publicación, distribución, etc. Valencia :
Nombre del editor, distribuidor, etc. Instituto Alfonso el Magnánimo,
Fecha de publicación, distribución, etc. [1968]
300 ## - DESCRIPCIÓN FÍSICA
Extensión 515 p., 76 lám. ;
Dimensiones 24 cm.
650 #4 - PUNTO DE ACCESO ADICIONAL DE MATERIA--TÉRMINO DE MATERIA
Término de materia o nombre geográfico como elemento de entrada Virgen de los Desamparados-
Subdivisión general Iconografía.
9 (RLIN) 164052
710 2# - ENTRADA AGREGADA--NOMBRE DE ENTIDAD CORPORATIVA
Nombre de entidad corporativa o nombre de jurisdicción como elemento de entrada Institució Alfons el Magnànim
9 (RLIN) 173001
852 ## - LOCALIZACIÓN
Ubicación ES-MaACL
Número de control de estantería C-46097
Sublocalización o colección R.67852
Holdings
Estatus retirado Estado de pérdida Estado de daño No para préstamo Biblioteca de origen Biblioteca actual Ubicación en estantería Fecha de adquisición Fuente de adquisición Total de préstamos Signatura topográfica completa Código de barras Visto por última vez Precio de reemplazo Tipo de ítem Koha
        Biblioteca del Ateneo de Madrid Biblioteca del Ateneo de Madrid Depósito 2 17/01/2008     C-46097 1025422 23/02/2023 23/02/2023 Libro impreso